000 00769nam a2200265Ia 4500
003 OSt
005 20220918201049.0
006 a|||||r|||| 00| 0
007 ta
008 220917b |||||||| |||| 00| 0 eng d
024 _a91,479
037 _cTextual
040 _aARTS
_cARTS
_beng
041 _2eng
_aeng
082 _aV1.N7, L4
100 _aMesarovic Mihajlo
_996656
245 0 _aMankind at the turning point
_b the second report to the club of Rome
260 _aNew York
_bNew American Library
_c1974
300 _axiii,210p. illus
_ccm.
500 _aApp 158-99p (I-IV)
650 _aWORLD HISTORY
700 _a Pestel Eduard
_996657
942 _hV1.N7, L4
_cTEXL
_2CC
999 _c215138
_d215138